000
00272 a2200121 4500
001
125342
020
_a
9780439554381
040
_c
Escola Canadense de Niteroi
100
_a
Williams, Rozanne Lanczak
245
1
0
_a
Sight Word Poetry Pages
362
0
_a
2005
942
_c
BK
999
_c
125342
_d
125342